000 00877cab a2200229 4500
001 E1955
008 090401t1993 xxu||||| |||| 00| 0 eng d
035 _a(Sirsi) u36578
041 _aeng
245 _aScott v Wilson
260 _c1993
350 _a0
490 _aScots Law Times
_v1993 SLT (Lands Tri.) 52(1)
520 _aLands Tribunal for Scotland. 19 May 1992. Heritable property - land obligations - discharge of objectors - whether competent for tribunal to take account of written objections where not spoken to in person - Conveyancing and Feudal Reform (Scotland) Act 1970 (c35), s2(2).
650 _aCONVEYANCING AND FEUDAL REFORM (SCOTLAND) ACT 1970
650 _aHERITABLE PROPERTY
650 _aLANDS TRIBUNAL FOR SCOTLAND
650 _aRESTRICTIVE COVENANTS
690 _aPROPERTY LAW AND PRACTICE-CASE LAW
942 _n0
948 _c04/03/1997
999 _c23704
_d23704